000 01116nam a2200289 a 4500
001 000002478
003 DO-SdBNP
005 20180216140055.0
007 000002478
008 090702s2002 dr r 000 0 spa d
040 _aBPMSU
_bspa
_cBPMSU
082 4 _2Inventariado / 2017 VM
_a972.9382
_bR531h
100 1 _aRichiez, Manuel Leopoldo,
_d1870-1954
245 1 0 _aHistoria de la Provincia y especialmente de la cuidad de San Pedro de Macorís /
_cManuel Leopoldo Richiez ; presentación Fermín Álvarez Santana.
260 _aSanto Domingo :
_bSociedad Dominicana de Bibliófilos,
_c2002.
300 _a174 p. ;
_c23 cm.
490 1 _aBibliófilos 2000
650 4 _aCIUDADES Y PUEBLOS
_zREPÚBLICA DOMINICANA
651 4 _aSAN PEDRO DE MACORÍS (REPÚBLICA DOMINICANA)
_xHISTORIA LOCAL
651 4 _aSAN PEDRO DE MACORÍS (REPÚBLICA DOMINICANA)
_xVIDA SOCIAL Y COSTUMBRES
700 1 _aÁlvarez Santana, Fermín
830 0 _aBibliófilos 2000
910 _aValidado. Control de calidad BNPHU
942 _2ddc
_cBK
945 _aInventariado / 2017 VM
956 _aVMATEO
_b10
_c20150803
_lBPMSU
_h00151
999 _c8052
_d8052